| 000 | 00623nam a2200133 a 4500 | ||
|---|---|---|---|
| 001 | 000035644 | ||
| 005 | 20200930074510.0 | ||
| 008 | 111107s1938 ag 000 0 spa d | ||
| 040 |
_aDO-SdBNP _bspa _cBNPHU |
||
| 082 |
_axxxx _bC357 |
||
| 245 | 0 | 0 |
_aCatálogo cronológico de reales cédulas órdenes, decretos, provisiones, etc., referentes a América 1508-1810 : _bseguido de un índice alfabético de nombres de persona y otro auxiliar de lugares, instituciones, órdenes religiosas, pueblos indígenas, mitos, animales y cosas. |
| 260 |
_aBuenos Aires : _bBiblioteca Nacional Argentina, _c1938. |
||
| 300 |
_a302 p. ; _c26 cm. |
||
| 999 |
_c35135 _d35135 |
||